Tribunal constitucional y argumentacin̤ jurd̕ica

Bibliographic Details
Main Author: Grǹdez Castro, Pedro P.
Format: eBook
Language:Spanish
Published: Lima : Palestra Editores, 2010.
Edition:1® ed.
Series:Derechos y garanta̕s
Subjects:
Online Access:Acceso restringido

MARC

LEADER 00000nam a22000007a 4500
005 20110901114620.0
008 110901t2010 pe ||||s|||| 00| 0 spa d
020 |a 978-612-4047-18-3 
035 |a 5353 
040 |a vLex 
090 |c 2329  |d 2329 
100 1 |a Grǹdez Castro, Pedro P. 
245 1 0 |a Tribunal constitucional y argumentacin̤ jurd̕ica  |c Pedro P. Grǹdez Castro  |h [Recurso electrn̤ico] / 
250 |a 1® ed. 
256 |a Servicio en ln̕ea. 
260 |a Lima :  |b Palestra Editores,  |c 2010. 
300 |a 238 p. 
490 0 |a Derechos y garanta̕s 
500 |a El autor conecta la teora̕ constitucional con la prc̀tica de la argumentacin̤ jurd̕ica desarrollada por el Tribunal Constitucional peruano. La tesis central es la necesidad de una prc̀tica argumentativa comprometida con los valores constitucionales. 
506 1 |a Contenido solo disponible en los productos indicados  |d vLex Global  |d vLex Global (Academic Edition, excluding Law Schools)  |d vLex Global (U.S. Academic Edition, Law Schools)  |d vLex Global (U.S. Academic Edition, excluding Law Schools)  |d vLex Global (Academic Edition, Law Schools) 
650 0 4 |a Jurisprudencia  |z Per︢ 
740 0 |a vLex Libros (Servicio en ln̕ea) 
856 4 0 |u http://vlex.com/source/tribunal-constitucional-argumentacion-juridica-5353  |z Acceso restringido 
942 |c BOOK